000 00908cam a2200229 i 4500
005 20251120102243.0
008 250721s2004 le gr 000 0 ara d
041 1 _aara
_heng
082 1 4 _a210.944
_bب و ر
100 1 _aبور، محمود خداقلي
_eمؤلف.
245 1 2 _aالإسلام والمسلمون في فرنسا /
_cتأليف محمود خداقلي بور، فهيمة وزيري ؛ ترجمة د. دلال عباس ؛ مراجعة أحمد العبيدي.
250 _aالطبعة الأولى.
264 3 1 _aبيروت :
_bمركز الغدير للدراسات الإسلامية،
_c2004.
300 _a315 صفحة.
650 1 7 _aالإسلام.
650 1 7 _aالمسلمون.
650 1 7 _aتاريخ فرنسا.
700 1 _aوزيري، فهيمة
_eمؤلف.
700 1 _aعباس، دلال
_eمترجم.
942 _2ddc
_cBK
999 _c91984
_d91984